[Event "Ä19"]
[Site "Loo"]
[Date "2017.04.23"]
[Round "4.3"]
[White "Èëüèíà, Íàòàëüÿ."]
[Black "Äðîãîâîç, Èðèíà."]
[Result "1/2-1/2"]
[WhiteElo "2072"]
[BlackElo "2286"]
[PlyCount "48"]
[EventDate "2017.04.20"]

1. e4 c5 2. Nf3 g6 3. d4 cxd4 4. Nxd4 Bg7 5. c4 Nc6 6. Be3 Nf6 7. Nc3 d6 8. Be2
O-O 9. O-O Bd7 10. Qd2 Rc8 11. b3 Qa5 12. Rfd1 Ng4 13. Bxg4 Bxg4 14. f3 Bd7 15.
Rac1 Rfd8 16. Nd5 Qxd2 17. Rxd2 Kf8 18. Rcd1 Nxd4 19. Bxd4 Bxd4+ 20. Rxd4 Bc6
21. R1d2 Bd7 22. Rd1 Bc6 23. R1d2 Bd7 24. Rd1 Bc6 1/2-1/2

[Event "Ä19"]
[Site "Loo"]
[Date "2017.04.23"]
[Round "4.4"]
[White "Ìàìîíòîâà, Àíàñòàñèÿ."]
[Black "Ïðîòîïîïîâà, Àíàñòàñèÿ."]
[Result "0-1"]
[WhiteElo "1948"]
[BlackElo "2266"]
[PlyCount "142"]
[EventDate "2017.04.20"]

1. d4 d5 2. c4 e6 3. Nc3 c6 4. e3 f5 5. Nf3 Nf6 6. a3 Be7 7. b4 O-O 8. Be2 Nbd7
9. Qc2 Ne4 10. Nd2 Bd6 11. g3 Nxc3 12. Qxc3 e5 13. cxd5 cxd5 14. Qb3 Nb6 15.
dxe5 Bxe5 16. Bb2 Qf6 17. Bxe5 Qxe5 18. Rd1 Bd7 19. Nf3 Qf6 20. Rd4 Ba4 21. Qd3
Rac8 22. O-O Bc2 23. Qd2 Be4 24. Ne1 Qe6 25. Ng2 Rc2 26. Qe1 Bxg2 27. Kxg2 f4
28. Rxf4 Rxf4 29. gxf4 Qg6+ 30. Kh1 Qe4+ 31. Kg1 Rc6 32. Bg4 Qg6 33. h3 h5 34.
f5 Qh6 35. Bf3 Qg5+ 36. Bg2 Qxf5 37. Kh2 Nc4 38. Qd1 Rd6 39. Qd4 Kh7 40. Kh1
Ne5 41. f4 Nc6 42. Qd1 Rd7 43. Rf2 Ne7 44. Rd2 Rc7 45. Kh2 Rc3 46. Qf3 Rxa3 47.
Qg3 Ra6 48. Bf1 Ra3 49. Rg2 g6 50. Qe1 Qe4 51. Re2 Rb3 52. Bg2 Qxb4 53. Qh4 Nf5
54. Qf6 Rxe3 55. Qf7+ Kh6 56. Rf2 Qe7 57. Qg8 d4 58. Bd5 Qg7 59. Qd8 d3 60. Bc4
Re2 61. Rxe2 dxe2 62. Bxe2 Kh7 63. Bf3 b6 64. Qd5 Qb2+ 65. Kh1 Qc1+ 66. Bd1 Qc7
67. Bb3 Qc1+ 68. Bd1 a5 69. Qb3 b5 70. Kg2 Qd2+ 71. Kg1 Qe3+ 0-1

[Event "Ä19"]
[Site "Loo"]
[Date "2017.04.23"]
[Round "4.5"]
[White "Ëûñåíêî, Ìàðãàðèòà."]
[Black "Øàïàðü, Òàòüÿíà."]
[Result "1-0"]
[WhiteElo "2193"]
[BlackElo "1950"]
[PlyCount "61"]
[EventDate "2017.04.20"]

1. d4 d5 2. Bf4 Nf6 3. e3 Bf5 4. Nf3 e6 5. Nbd2 h6 6. Be2 Be7 7. O-O O-O 8. c4
Nh5 9. Be5 Nd7 10. h3 Nhf6 11. Bh2 c6 12. Rc1 Ne4 13. Qb3 Qb6 14. c5 Qxb3 15.
Nxb3 a5 16. Rfd1 a4 17. Nbd2 Rfc8 18. Nxe4 Bxe4 19. Ne5 Nxe5 20. Bxe5 f6 21.
Bg3 Bg6 22. Rc3 Ra5 23. Rdc1 Be8 24. Bd3 Bd8 25. b4 axb3 26. Rxb3 Rxa2 27. Rxb7
Rca8 28. Rcb1 Ba5 29. Rb8 Bc3 30. Bg6 Ra1 31. Kh2 1-0

[Event "Ä19"]
[Site "Loo"]
[Date "2017.04.23"]
[Round "4.6"]
[White "Ìàðòûíþê, Åëèçàâåòà."]
[Black "Äîëãàåâà, Åâãåíèÿ."]
[Result "1-0"]
[WhiteElo "2165"]
[BlackElo "1946"]
[PlyCount "75"]
[EventDate "2017.04.20"]

1. e4 c5 2. Nf3 d6 3. d4 cxd4 4. Nxd4 Nf6 5. Nc3 g6 6. f3 Bg7 7. Be3 O-O 8. Qd2
Nc6 9. O-O-O d5 10. exd5 Nxd5 11. Nxd5 Qxd5 12. c4 Qd6 13. Nb5 Qb8 14. Bf4 e5
15. Bh6 a6 16. Nd6 Be6 17. h4 Nd4 18. Bxg7 Kxg7 19. Qb4 b5 20. f4 Nf5 21. Qc5
Nxd6 22. Qxe5+ Kg8 23. Rxd6 Rd8 24. Rxd8+ Qxd8 25. h5 Qe7 26. hxg6 fxg6 27. Bd3
Qf7 28. Rh6 Rf8 29. Bxg6 Qxf4+ 30. Qxf4 Rxf4 31. Bxh7+ Kf7 32. cxb5 axb5 33.
Rh5 Bd5 34. g3 Rc4+ 35. Kd2 Rb4 36. Bd3 Rxb2+ 37. Ke3 Rb4 38. Rxd5 1-0

[Event "Ä19"]
[Site "Loo"]
[Date "2017.04.23"]
[Round "4.7"]
[White "Ãîðîâåíêî, Äàðüÿ."]
[Black "Òèìàêîâà, Ìàðèÿ."]
[Result "1-0"]
[WhiteElo "2122"]
[BlackElo "1828"]
[PlyCount "73"]
[EventDate "2017.04.20"]

1. d4 d6 2. Nc3 f5 3. e4 Nf6 4. Bd3 Nc6 5. Nf3 fxe4 6. Nxe4 Bg4 7. c3 e5 8. h3
Bxf3 9. Qxf3 exd4 10. O-O Be7 11. Nxf6+ Bxf6 12. Re1+ Kf8 13. cxd4 Qd7 14. Bb5
a6 15. Ba4 b5 16. Bb3 Re8 17. Be3 Re7 18. a3 Qe8 19. Kf1 a5 20. Rac1 Nd8 21.
Bg5 Rxe1+ 22. Rxe1 Qg6 23. Bxf6 gxf6 24. Qe2 Kg7 25. Qxb5 c6 26. Qe2 Rf8 27.
Qe7+ Nf7 28. Kg1 d5 29. Re3 Kh8 30. Rg3 Ng5 31. Kh2 Re8 32. Qc5 f5 33. Qxa5 h6
34. f4 Nf3+ 35. Rxf3 Re2 36. Qd8+ Kh7 37. Rg3 1-0

[Event "Ä19"]
[Site "Loo"]
[Date "2017.04.23"]
[Round "4.8"]
[White "Øàêèðîâà, Ðåíàòà."]
[Black "Êîð÷àãèíà, Àëåíà."]
[Result "1/2-1/2"]
[WhiteElo "2064"]
[BlackElo "2119"]
[PlyCount "176"]
[EventDate "2017.04.20"]

1. e4 e5 2. Nf3 Nc6 3. Bb5 a6 4. Ba4 Nf6 5. O-O Be7 6. Re1 b5 7. Bb3 d6 8. a4
Bd7 9. c3 O-O 10. d4 h6 11. h3 Re8 12. dxe5 dxe5 13. Nbd2 Bf8 14. Ba2 Na7 15.
axb5 axb5 16. Nf1 c5 17. Qc2 c4 18. b3 cxb3 19. Bxb3 Nc6 20. Rxa8 Qxa8 21. Bb2
Na5 22. Ra1 Qd8 23. Ba2 Nc4 24. Bc1 Bc6 25. N1d2 Nd6 26. Qb3 Nfxe4 27. Nxe4
Bxe4 28. Ba3 Qf6 29. Bxd6 Bxd6 30. Qxb5 Rb8 31. Qd7 Bc5 32. Bd5 Bxf3 33. Bxf3
e4 34. Bxe4 Bxf2+ 35. Kh1 Bg3 36. Qd3 Bc7 37. g3 Rd8 38. Ra8 Rxa8 39. Bxa8 Qf2
40. Qf3 Qxg3 41. Qxg3 Bxg3 42. Kg2 Be5 43. c4 f5 44. Kf3 Kf7 45. Bc6 Kg6 46.
Bd7 Kg5 47. c5 g6 48. c6 Kh4 49. Kg2 Bc7 50. Be6 Kg5 51. Bd5 Kf4 52. Bf7 Kg5
53. Kf3 Kf6 54. Be8 Bd6 55. Ke3 Bc5+ 56. Kf3 Bb6 57. Ke2 g5 58. Bh5 Ke5 59. Kf3
Bc7 60. Be8 Kf6 61. Bh5 Bd6 62. Be8 Ke5 63. Bh5 f4 64. Be8 Bc7 65. Bh5 Kd4 66.
Bg6 Kc3 67. Bf7 Kd3 68. Bg6+ Kd2 69. Bf7 Ke1 70. Be8 Kf1 71. Bf7 Kg1 72. Bh5
Kh2 73. Bg4 Bd6 74. Ke2 Bc5 75. Kf3 Bb6 76. Bf5 Bd8 77. Bg4 Bb6 78. Bf5 Bc7 79.
Bg4 Bd6 80. Kf2 Bb8 81. Kf3 Bc7 82. Kf2 Bb6+ 83. Kf3 Kg1 84. Bh5 Ba5 85. Bg4
Bc7 86. Bh5 Bb6 87. Bg4 Kh1 88. Bh5 Bc7 1/2-1/2

[Event "Ä19"]
[Site "Loo"]
[Date "2017.04.23"]
[Round "4.9"]
[White "Êîøåïàðîâà, Òàòüÿíà."]
[Black "Êèñåëåâà, Åêàòåðèíà."]
[Result "1/2-1/2"]
[WhiteElo "2074"]
[BlackElo "1808"]
[PlyCount "81"]
[EventDate "2017.04.20"]

1. e4 c6 2. d4 d5 3. exd5 cxd5 4. Bd3 Nf6 5. Bf4 Nc6 6. c3 e6 7. Nf3 a6 8. O-O
Bd6 9. Bxd6 Qxd6 10. Qe2 b5 11. a3 O-O 12. Nbd2 Na5 13. Ne5 Nc4 14. Ndf3 Bd7
15. Rfe1 h6 16. h3 Rfc8 17. Nh2 a5 18. b3 Nxa3 19. Qf3 Be8 20. g4 b4 21. h4
Rxc3 22. g5 hxg5 23. hxg5 Ne4 24. Rxe4 Rxd3 25. Qxd3 dxe4 26. Qxe4 Rd8 27. Rd1
Nb5 28. Nhg4 Nc3 29. Qf3 Nxd1 30. Nf6+ Kf8 31. Nxe8 Qxe5 32. dxe5 Kxe8 33. Qc6+
Kf8 34. Qc5+ Kg8 35. Qxa5 Rd4 36. f3 Nc3 37. Kg2 Nd5 38. Qb5 Kh7 39. Kg3 Kg6
40. Qc5 Rd2 41. Qc1 1/2-1/2

[Event "Ä19"]
[Site "Loo"]
[Date "2017.04.23"]
[Round "4.10"]
[White "Áî÷àðîâà, Óëüÿíà."]
[Black "Òóêàåâà, Àäåëÿ."]
[Result "0-1"]
[WhiteElo "1852"]
[BlackElo "1970"]
[PlyCount "68"]
[EventDate "2017.04.20"]

1. d4 Nf6 2. c4 e6 3. Nf3 b6 4. Nc3 Bb4 5. Bg5 Bb7 6. e3 Bxc3+ 7. bxc3 h6 8.
Bh4 d6 9. Bd3 Nbd7 10. Qc2 Qe7 11. e4 e5 12. Nd2 Qe6 13. f3 Nh5 14. Bf2 Nf4 15.
g3 Nxd3+ 16. Qxd3 O-O 17. O-O-O exd4 18. cxd4 b5 19. d5 Qe7 20. Bd4 c6 21. dxc6
Bxc6 22. cxb5 Bxb5 23. Qxb5 Rfc8+ 24. Nc4 Rab8 25. Qa6 Qe6 26. Rd3 Rxc4+ 27.
Kd2 Rbc8 28. Ke3 f5 29. Rd2 fxe4 30. f4 Rc3+ 31. Bxc3 Rxc3+ 32. Kd4 Qf6+ 33.
Kd5 Nb6+ 34. Kxe4 Qe6+ 0-1

[Event "Ä19"]
[Site "Loo"]
[Date "2017.04.23"]
[Round "4.11"]
[White "Ìàðòûíîâà, Àíàñòàñèÿ."]
[Black "Ìàòþêîâà, Óëüÿíà."]
[Result "1-0"]
[WhiteElo "1987"]
[BlackElo "1984"]
[PlyCount "53"]
[EventDate "2017.04.20"]

1. d4 Nf6 2. c4 e6 3. Nf3 b6 4. a3 d5 5. cxd5 exd5 6. Nc3 a6 7. g3 Bd6 8. Bg2
O-O 9. Ne5 Bb7 10. O-O Re8 11. Bg5 Be7 12. Qb3 c6 13. e4 h6 14. Be3 Rf8 15.
exd5 cxd5 16. Rfd1 b5 17. Rac1 Ra7 18. h4 Ba8 19. g4 Rc7 20. g5 hxg5 21. hxg5
Nfd7 22. g6 Nxe5 23. dxe5 Nd7 24. gxf7+ Kxf7 25. e6+ Kxe6 26. Nxd5 Rxc1 27.
Nf4+ 1-0

[Event "Ä19"]
[Site "Loo"]
[Date "2017.04.23"]
[Round "4.12"]
[White "Áî÷àðîâà, Àíàñòàñèÿ."]
[Black "Ñàòàåâà, Ëàíà."]
[Result "0-1"]
[WhiteElo "1797"]
[BlackElo "1802"]
[PlyCount "77"]
[EventDate "2017.04.20"]

1. Nf3 d5 2. d4 Nf6 3. c4 c6 4. e3 Bg4 5. Nc3 e6 6. Bd3 dxc4 7. Bxc4 Nbd7 8.
O-O Be7 9. b3 O-O 10. Bb2 Nb6 11. Be2 Qc7 12. h3 Bh5 13. Ne5 Bxe2 14. Qxe2 Bd6
15. Nc4 Nxc4 16. bxc4 Rad8 17. e4 Be7 18. e5 Nd7 19. Rac1 Rfe8 20. f4 Nb6 21.
c5 Nd5 22. Ne4 b6 23. Nd6 Rf8 24. Qd2 Qd7 25. Rf3 Rb8 26. Ba3 f6 27. cxb6 axb6
28. Qc2 fxe5 29. dxe5 c5 30. f5 Bxd6 31. fxe6 Qxe6 32. exd6 Rxf3 33. gxf3 Qe3+
34. Kh2 Qxa3 35. Qc4 Qb2+ 36. Kh1 Kh8 37. d7 Ne3 38. Qf1 Nxf1 39. Rxf1 0-1

[Event "Ä19"]
[Site "Loo"]
[Date "2017.04.23"]
[Round "4.13"]
[White "Êàçàê, Íàòàëüÿ."]
[Black "Ìóõèíà, ßíà."]
[Result "0-1"]
[WhiteElo "1769"]
[BlackElo "2004"]
[PlyCount "94"]
[EventDate "2017.04.20"]

1. d4 d5 2. c4 c6 3. Nc3 Nf6 4. Qb3 dxc4 5. Qxc4 b5 6. Qd3 b4 7. Ne4 Ba6 8.
Nxf6+ exf6 9. Qd1 Bd6 10. g3 O-O 11. Bg2 Qb6 12. Be3 Bb5 13. Nf3 Qa6 14. Nd2
Nd7 15. Ne4 Be7 16. Nc5 Bxc5 17. dxc5 Ne5 18. b3 Rad8 19. Qc2 Ng4 20. Bf3 Nxe3
21. fxe3 Rfe8 22. Kf2 Re5 23. Rhd1 Rde8 24. e4 Qc8 25. Rd2 Qh3 26. Rh1 h5 27.
Bg2 Qe6 28. Bf3 Qe7 29. Rc1 g6 30. Kf1 f5 31. Rd6 fxe4 32. Bg2 Qg5 33. Bh3 h4
34. Kg2 f5 35. Rf1 hxg3 36. hxg3 Qe3 37. Qd2 Qxd2 38. Rxd2 Rxc5 39. g4 Ree5 40.
Rd8+ Kf7 41. gxf5 gxf5 42. Rd7+ Ke6 43. Rxa7 Bxe2 44. Rf2 Bf3+ 45. Kg3 Rc3 46.
Kf4 e3 47. Rb2 e2 0-1

[Event "Ä19"]
[Site "Loo"]
[Date "2017.04.23"]
[Round "4.14"]
[White "Ìèëîâàíîâà, Ìàðèÿ."]
[Black "Ìóõòàðîâà, Àíàñòàñèÿ."]
[Result "1-0"]
[WhiteElo "1981"]
[BlackElo "1859"]
[PlyCount "69"]
[EventDate "2017.04.20"]

1. d4 Nf6 2. c4 e6 3. Nf3 b6 4. g3 Ba6 5. Qc2 c6 6. e4 d5 7. cxd5 Bxf1 8. Kxf1
cxd5 9. e5 Nfd7 10. Bg5 Be7 11. Bxe7 Kxe7 12. Na3 Qc8 13. Qd2 Qa6+ 14. Kg2 Nc6
15. Qg5+ Kf8 16. Rhc1 b5 17. Rc2 h6 18. Qd2 b4 19. Rac1 Ndb8 20. Nb1 Qxa2 21.
Qd3 b3 22. Rc5 Kg8 23. Nbd2 Qxb2 24. Rb1 Qa2 25. Rxb3 Qa4 26. Rcb5 a6 27. Rb7
Qa5 28. R3b6 g6 29. Nh4 g5 30. Ng6 Rh7 31. Nf8 Rg7 32. Nxe6 Rg6 33. Rxf7 Kxf7
34. Rb7+ Ne7 35. Qf5+ 1-0

[Event "Ä19"]
[Site "Loo"]
[Date "2017.04.23"]
[Round "4.15"]
[White "Êîïîâàÿ, Àëåêñàíäðà."]
[Black "Ñåðåãèíà, Ìàðèÿ."]
[Result "0-1"]
[WhiteElo "1958"]
[BlackElo "1804"]
[PlyCount "116"]
[EventDate "2017.04.20"]

1. e4 c6 2. d4 d5 3. Nc3 dxe4 4. Nxe4 Nd7 5. Nf3 Ngf6 6. Nxf6+ Nxf6 7. Bc4 e6
8. O-O Bd6 9. Bg5 O-O 10. c3 h6 11. Bh4 Be7 12. Qc2 b6 13. Rad1 Bb7 14. Rfe1
Qc7 15. Bg3 Bd6 16. Be5 Ng4 17. Qe2 Nxe5 18. dxe5 Be7 19. Bd3 c5 20. Nd2 Rad8
21. Nc4 b5 22. Nd2 c4 23. Be4 Bxe4 24. Qxe4 Rd3 25. Nf3 Rfd8 26. Nd4 Rxd1 27.
Rxd1 Rd5 28. f4 a5 29. Kf1 b4 30. Ke2 Qb7 31. Rb1 a4 32. a3 bxa3 33. bxa3 Qa6
34. Rb8+ Rd8 35. Rxd8+ Bxd8 36. Qc6 Qxc6 37. Nxc6 Bb6 38. h3 g5 39. fxg5 hxg5
40. Kf3 Kg7 41. g4 Kf8 42. Ke4 Ke8 43. Nb4 Bc5 44. Kf3 Kd7 45. Ke4 Bf2 46. Nc2
Bc5 47. Nb4 Bf2 48. Nc2 Kc6 49. Nb4+ Kc5 50. Nc2 Bg3 51. Ne3 Be1 52. Nd1 Bd2
53. Nb2 Bc1 54. Nxa4+ Kb5 55. Nb6 Kxb6 56. Kd4 Bxa3 57. Kxc4 Kc6 58. Kd4 Bc5+
0-1

[Event "Ä19"]
[Site "Loo"]
[Date "2017.04.23"]
[Round "4.16"]
[White "Ïåðôèëîâà, Ìàðèÿ."]
[Black "Äîðîôååâà, Íúóðãóéààíà."]
[Result "0-1"]
[WhiteElo "1895"]
[BlackElo "1778"]
[PlyCount "80"]
[EventDate "2017.04.20"]

1. e4 c6 2. d4 d5 3. Nc3 dxe4 4. Nxe4 Bf5 5. Ng3 Bg6 6. h4 h6 7. Nf3 Nd7 8. h5
Bh7 9. Bd3 Bxd3 10. Qxd3 Ngf6 11. Bd2 e6 12. O-O-O Bd6 13. Ne4 Nxe4 14. Qxe4
Nf6 15. Qe2 Qc7 16. c4 O-O-O 17. Kb1 c5 18. Bc3 Rhg8 19. d5 exd5 20. cxd5 Rde8
21. Qc2 Ne4 22. Rhe1 Nxc3+ 23. Qxc3 Qd7 24. Ka1 Qg4 25. Rg1 Kb8 26. Nd2 Be5 27.
Qxc5 Rc8 28. Qe3 Rge8 29. Qb3 Bd4 30. f3 Qg5 31. Ne4 Rxe4 32. Rgf1 Re2 33. Qd3
Bxb2+ 34. Kb1 Qxg2 35. Rg1 Qf2 36. Rgf1 Qb6 37. Qb3 Qxb3 38. axb3 Be5 39. Rfe1
Rxe1 40. Rxe1 Bf6 0-1

[Event "Ä19"]
[Site "Loo"]
[Date "2017.04.23"]
[Round "4.17"]
[White "Äåì÷åíêî, Àëèñà."]
[Black "×èñòÿêîâà, Äàðüÿ."]
[Result "1/2-1/2"]
[WhiteElo "1876"]
[BlackElo "1893"]
[PlyCount "117"]
[EventDate "2017.04.20"]

1. d4 Nf6 2. c4 g6 3. Nc3 Bg7 4. e4 d6 5. Nf3 O-O 6. Be2 Nc6 7. O-O e5 8. d5
Ne7 9. Ne1 Ne8 10. Nd3 f5 11. f3 f4 12. Bd2 g5 13. b4 h5 14. c5 Nf6 15. Nf2 Ng6
16. Rc1 Rf7 17. h3 Bf8 18. cxd6 cxd6 19. Nb5 Rg7 20. Qc2 g4 21. fxg4 hxg4 22.
hxg4 Nh4 23. Qd1 Qb6 24. Kh1 a6 25. Nc3 Rh7 26. Kg1 Qd8 27. Na4 b5 28. Nc3 Raa7
29. a4 Rag7 30. axb5 Nxg4 31. Nxg4 Bxg4 32. Bxg4 Nxg2 33. Rf2 Ne3 34. Bxe3 fxe3
35. Rxf8+ Qxf8 36. Rc2 Qf4 37. Rg2 axb5 38. Qf3 Ra7 39. Qxf4 exf4 40. Be2+ Kf8
41. Rg4 Rhf7 42. Kg2 Ra3 43. Nd1 f3+ 44. Bxf3 Ra2+ 45. Kg3 e2 46. Bxe2 Rxe2 47.
Rf4 Rd2 48. Ne3 Rd3 49. Rxf7+ Kxf7 50. Kf4 Rb3 51. Nf5 Rxb4 52. Nxd6+ Ke7 53.
Ke5 Rb1 54. Nf5+ Kd7 55. Kd4 Re1 56. Kc5 Rxe4 57. Kxb5 Re5 58. Nd4 Rxd5+ 59.
Kc4 1/2-1/2

[Event "Ä19"]
[Site "Loo"]
[Date "2017.04.23"]
[Round "4.18"]
[White "Ãðåõí¸âà, ßíà."]
[Black "Êàëèíîâñêàÿ, Ëþäìèëà."]
[Result "1-0"]
[WhiteElo "1881"]
[BlackElo "1689"]
[PlyCount "93"]
[EventDate "2017.04.20"]

1. d4 f5 2. Nc3 Nf6 3. Bg5 e6 4. f3 Be7 5. e4 Nxe4 6. fxe4 Bxg5 7. exf5 exf5 8.
Bc4 Qe7+ 9. Nge2 c6 10. d5 b5 11. Bb3 b4 12. Na4 Ba6 13. c4 O-O 14. O-O Be3+
15. Kh1 Kh8 16. Qd3 Qe5 17. Rf3 f4 18. Raf1 Rf6 19. dxc6 Nxc6 20. Qxd7 Rd8 21.
Qg4 Bc8 22. Qh4 g5 23. Qh5 Kg7 24. c5 Rd2 25. Ng3 Nd4 26. Rxe3 fxe3 27. Rxf6
Qxf6 28. Bd1 e2 29. Bxe2 Rxe2 30. Nxe2 Qf1+ 31. Ng1 h6 32. Qe8 Be6 33. Qe7+ Kg6
34. c6 Kh5 35. Qc5 Ne2 36. Qe3 Nf4 37. Qf3+ Qxf3 38. Nxf3 Bxa2 39. Nc5 Ne6 40.
Nd4 Nc7 41. b3 Kg6 42. Nde6 Bxb3 43. Nxc7 a5 44. Nb5 Bc2 45. g4 b3 46. c7 b2
47. Na3 1-0

[Event "Ä19"]
[Site "Loo"]
[Date "2017.04.23"]
[Round "4.19"]
[White "Þðêèíà, Àíàñòàñèÿ."]
[Black "Þðîâñêèõ, ßñìèí."]
[Result "0-1"]
[WhiteElo "1812"]
[BlackElo "1880"]
[PlyCount "56"]
[EventDate "2017.04.20"]

1. e4 c6 2. d4 d5 3. exd5 cxd5 4. Nf3 Nf6 5. c4 g6 6. Nc3 Bg7 7. Bf4 O-O 8. Qb3
Nbd7 9. Nb5 Nh5 10. Bc7 Qe8 11. cxd5 a6 12. Nc3 e5 13. dxe6 Ndf6 14. d5 fxe6
15. d6 Nd5 16. Bb6 Qc6 17. Nxd5 exd5 18. Rd1 Be6 19. Qe3 Rae8 20. Qc5 Qa4 21.
Be2 Nf4 22. Rd2 Nxg2+ 23. Kf1 Nf4 24. Ng5 Nxe2 25. Rxe2 Qd1+ 26. Re1 Qd3+ 27.
Kg2 Bh3+ 28. Nxh3 Qf3+ 0-1

[Event "Ä19"]
[Site "Loo"]
[Date "2017.04.23"]
[Round "4.21"]
[White "Ñàôèþëëèíà, Äèíàðà."]
[Black "Àëåêñååâà, Àíãåëèíà."]
[Result "1-0"]
[WhiteElo "1839"]
[BlackElo "1714"]
[PlyCount "71"]
[EventDate "2017.04.20"]

1. e4 d5 2. exd5 Qxd5 3. Nc3 Qa5 4. d4 Nf6 5. Nf3 c6 6. Bc4 Bf5 7. Bd2 e6 8.
Qe2 Nbd7 9. d5 cxd5 10. Nxd5 Qd8 11. Nd4 Bg6 12. O-O-O Be7 13. Nxf6+ Nxf6 14.
Bb5+ Nd7 15. Bc3 Bg5+ 16. Kb1 O-O 17. Nf3 Bh6 18. Rxd7 Qb6 19. Rhd1 Rac8 20.
R7d6 Qc5 21. Ne5 Qc7 22. Ng4 Bf4 23. Rd7 Qc5 24. g3 Bg5 25. Bd3 Bh5 26. f3 Bd8
27. Bd4 Qa5 28. Qxe6 Rc6 29. Qe5 Qxe5 30. Nxe5 Rc7 31. g4 Bg6 32. Rxc7 Bxc7 33.
Nxg6 hxg6 34. Re1 Bxh2 35. Re7 Rb8 36. Bc4 1-0

[Event "Ä15Â"]
[Site "Loo"]
[Date "2017.04.23"]
[Round "4.1"]
[White "Ìèðîøíèê, Åêàòåðèíà."]
[Black "Âèíîêóð, Þëèÿ."]
[Result "1/2-1/2"]
[WhiteElo "2116"]
[BlackElo "2233"]
[PlyCount "117"]
[EventDate "2017.04.20"]

1. d4 Nf6 2. c4 g6 3. Nf3 Bg7 4. g3 O-O 5. Bg2 d6 6. O-O c5 7. Nc3 Nc6 8. d5
Na5 9. Nd2 a6 10. h3 Rb8 11. a4 e5 12. e4 Nh5 13. Ra3 Qe8 14. Kh2 f5 15. Qc2
Bd7 16. b3 b6 17. Ne2 Nf6 18. Nc3 Qe7 19. Bb2 f4 20. Ne2 fxg3+ 21. fxg3 Nh5 22.
Raa1 Bh6 23. Nf3 Rf7 24. Bc1 Bxc1 25. Raxc1 Rbf8 26. Qc3 g5 27. Nd2 h6 28. Rxf7
Rxf7 29. Rf1 Rxf1 30. Nxf1 Qf7 31. Kg1 Qg6 32. Nd2 Nb7 33. Qd3 Kg7 34. Kh2 Nf6
35. Kg1 Qh5 36. g4 Qg6 37. Ng3 h5 38. gxh5 Nxh5 39. Nxh5+ Qxh5 40. Nf1 Qh4 41.
Ng3 Kg8 42. Nf1 Na5 43. Nd2 Qe1+ 44. Kh2 Qf2 45. Nf3 g4 46. hxg4 Bxg4 47. Ng1
Kh8 48. Kh1 Nb7 49. Bh3 Bxh3 50. Nxh3 Qe1+ 51. Kg2 Qh4 52. Nf2 Qg5+ 53. Kf1 Nd8
54. Qh3+ Kg8 55. Qh2 Qc1+ 56. Kg2 Qg5+ 57. Kf1 Qc1+ 58. Kg2 Qg5+ 59. Kf1
1/2-1/2

[Event "Ä15Â"]
[Site "Loo"]
[Date "2017.04.23"]
[Round "4.2"]
[White "Ãåòüìàí, Òàòüÿíà."]
[Black "Áóëàòîâà, Êàìàëèÿ."]
[Result "0-1"]
[WhiteElo "1972"]
[BlackElo "1957"]
[PlyCount "76"]
[EventDate "2017.04.20"]

1. d4 Nf6 2. c4 g6 3. Nc3 Bg7 4. e4 d6 5. Nf3 O-O 6. h3 Na6 7. Be3 c6 8. Be2
Qc7 9. a3 e5 10. dxe5 dxe5 11. O-O Nh5 12. c5 Rd8 13. Qa4 b5 14. cxb6 axb6 15.
Rfd1 b5 16. Qc2 Be6 17. Ng5 Nf4 18. Bxf4 exf4 19. Nxe6 fxe6 20. Rac1 Qb6 21.
Bg4 c5 22. Qb3 Nc7 23. Be2 Bd4 24. Nxb5 Bxf2+ 25. Kh1 Be3 26. Ra1 Nxb5 27. Bxb5
Kg7 28. a4 Bd4 29. Rab1 Qd6 30. Qf3 Rf8 31. b3 g5 32. Rbc1 e5 33. Rf1 Rf6 34.
Qg4 Rg6 35. Qd7+ Qxd7 36. Bxd7 Ra7 37. Bb5 g4 38. hxg4 Rh6# 0-1

[Event "Ä15Â"]
[Site "Loo"]
[Date "2017.04.23"]
[Round "4.3"]
[White "Þðàñîâà, Äàðüÿ."]
[Black "Ñîëîæåíêèíà, Åëèçàâåòà."]
[Result "1/2-1/2"]
[WhiteElo "1907"]
[BlackElo "2234"]
[PlyCount "80"]
[EventDate "2017.04.20"]

1. d4 Nf6 2. c4 e6 3. Nc3 Bb4 4. Qc2 d5 5. Bd2 O-O 6. Nf3 c5 7. cxd5 cxd4 8.
Nxd4 Bxc3 9. Bxc3 Nxd5 10. e3 Nxc3 11. Qxc3 e5 12. Nf3 f6 13. Bc4+ Kh8 14. O-O
Nc6 15. Rfd1 Qe7 16. Qa3 Nb4 17. Ne1 Bf5 18. Nd3 Bxd3 19. Bxd3 a5 20. Qb3 e4
21. Bb5 Qe5 22. Bf1 Qe7 23. Bb5 Qc5 24. Bf1 a4 25. Qc4 Qxc4 26. Bxc4 a3 27.
bxa3 Rxa3 28. Rab1 Nxa2 29. Bxa2 Rxa2 30. Rxb7 Raa8 31. h3 Rab8 32. Re7 Rbe8
33. Rdd7 Rxe7 34. Rxe7 f5 35. g4 g6 36. Kg2 Kg8 37. gxf5 gxf5 38. Kg3 Rf7 39.
Rxf7 Kxf7 40. f3 exf3 1/2-1/2

[Event "Ä15Â"]
[Site "Loo"]
[Date "2017.04.23"]
[Round "4.4"]
[White "Âûðòîñó, Íàòàëüÿ."]
[Black "Ïîïîâà, Èðèíà."]
[Result "1-0"]
[WhiteElo "1871"]
[BlackElo "1938"]
[PlyCount "59"]
[EventDate "2017.04.20"]

1. d4 Nf6 2. Nf3 e6 3. c4 d5 4. e3 Nbd7 5. Nc3 Bb4 6. a3 Bxc3+ 7. bxc3 c5 8.
Be2 O-O 9. O-O Qa5 10. Qc2 dxc4 11. Bxc4 b5 12. Be2 c4 13. a4 Bb7 14. Ba3 Rfc8
15. Bb4 Qb6 16. axb5 Qxb5 17. Ra5 Qc6 18. Rfa1 a6 19. Bf1 Rd8 20. Nd2 Qc7 21.
h3 Nd5 22. Nxc4 Nxb4 23. cxb4 Rac8 24. Qb2 Nb8 25. Rc5 Nc6 26. Na5 Ra8 27. Nxc6
Bxc6 28. Qc3 Rd6 29. b5 Qb6 30. Rxc6 1-0

[Event "Ä15Â"]
[Site "Loo"]
[Date "2017.04.23"]
[Round "4.5"]
[White "Òèòèåâñêàÿ, Åëèçàâåòà."]
[Black "Àôàíàñüåâà, Àëåêñàíäðà."]
[Result "0-1"]
[WhiteElo "1762"]
[BlackElo "1950"]
[PlyCount "136"]
[EventDate "2017.04.20"]

1. e4 c5 2. Nf3 Nc6 3. d4 cxd4 4. Nxd4 Nf6 5. Nc3 d6 6. Bg5 Bd7 7. Bxf6 gxf6 8.
f4 Qb6 9. Nce2 Rc8 10. Nb3 Qe3 11. Qd3 Qxd3 12. cxd3 Nb4 13. Ned4 Bh6 14. g3 e5
15. fxe5 fxe5 16. a3 Nc2+ 17. Nxc2 Rxc2 18. Rb1 Be6 19. Na5 b6 20. Nc4 Bxc4 21.
dxc4 Rc1+ 22. Rxc1 Bxc1 23. b3 Bxa3 24. Bh3 Ke7 25. Ke2 Bb2 26. Kd3 Rb8 27. Rb1
Bd4 28. Bf5 h6 29. b4 b5 30. cxb5 Rxb5 31. Rb3 d5 32. exd5 Rxd5 33. Ke4 Rb5 34.
Kd3 Rb6 35. Kc4 Rf6 36. g4 Rc6+ 37. Kd3 Rc1 38. Ke4 Re1+ 39. Kd5 Ra1 40. Rh3
Ra6 41. b5 Rd6+ 42. Kc4 Rb6 43. Bc8 Rb8 44. Bf5 Rh8 45. g5 h5 46. g6 fxg6 47.
Bxg6 h4 48. Rf3 Rg8 49. Be4 Rg4 50. Bf5 Rg2 51. h3 Re2 52. Rb3 Kf6 53. Bg4 Rc2+
54. Kd3 Rf2 55. Rb4 Kg5 56. Rb1 Bb6 57. Rc1 Rb2 58. Bd7 Kf4 59. Rf1+ Bf2 60.
Kc3 Ra2 61. Be6 Ra3+ 62. Kd2 Kg3 63. Ke2 Re3+ 64. Kd2 Re4 65. Rb1 Rd4+ 66. Ke2
e4 67. Rc1 e3 68. Rc8 Rd2+ 0-1

[Event "Ä15Â"]
[Site "Loo"]
[Date "2017.04.23"]
[Round "4.6"]
[White "Êóòÿíèíà, Ìàðèÿ."]
[Black "Óñêîâà, Òàèñèÿ."]
[Result "1-0"]
[WhiteElo "1922"]
[BlackElo "1798"]
[PlyCount "37"]
[EventDate "2017.04.20"]

1. e4 e5 2. Nf3 Nc6 3. Bb5 Nf6 4. O-O a6 5. Ba4 b5 6. Bb3 Bb7 7. Re1 d6 8. Ng5
d5 9. exd5 Nxd5 10. Qh5 Qd7 11. Nc3 Nf4 12. Qxf7+ Qxf7 13. Nxf7 Bd6 14. Nxh8
Nd4 15. f3 c5 16. Nf7 Be7 17. Rxe5 Nxb3 18. axb3 Kxf7 19. Rf5+ 1-0

[Event "Ä15Â"]
[Site "Loo"]
[Date "2017.04.23"]
[Round "4.7"]
[White "Ëåâè÷åâà, Åêàòåðèíà."]
[Black "Äàâûäîâà, Êèðà."]
[Result "1-0"]
[WhiteElo "1884"]
[BlackElo "1769"]
[PlyCount "87"]
[EventDate "2017.04.20"]

1. e4 e6 2. d4 d5 3. e5 c5 4. c3 Nc6 5. Nf3 Nge7 6. Na3 cxd4 7. cxd4 Nf5 8. Nc2
Qb6 9. Bd3 Bd7 10. O-O Be7 11. b4 a5 12. bxa5 Qxa5 13. g4 Nh6 14. Bd2 Qd8 15.
h3 g5 16. Qc1 Rc8 17. Kg2 Rg8 18. Qb2 Na5 19. Ne3 Nc4 20. Nxc4 dxc4 21. Bxh7
Bc6 22. Rfe1 Nf5 23. gxf5 Bxf3+ 24. Kxf3 Rh8 25. Qb5+ Kf8 26. f6 Bxf6 27. exf6
Qxf6+ 28. Kg2 Rxh7 29. Bb4+ Kg8 30. Qe5 Qh6 31. Re3 Rd8 32. Rg3 Rg7 33. Be7 Rd5
34. Qb8+ Kh7 35. Bf8 Qg6 36. Bxg7 Qe4+ 37. Kh2 Kxg7 38. Rag1 Qxd4 39. Rxg5+
Rxg5 40. Rxg5+ Kh6 41. Rg2 c3 42. Qf8+ Kh5 43. Qxf7+ Kh4 44. Qh7# 1-0

[Event "Ä15Â"]
[Site "Loo"]
[Date "2017.04.23"]
[Round "4.8"]
[White "Ïîäãîðíîâà, Àííà."]
[Black "Ïîãîðåëüñêèõ, Ñîôüÿ."]
[Result "0-1"]
[WhiteElo "1769"]
[BlackElo "1880"]
[PlyCount "80"]
[EventDate "2017.04.20"]

1. d4 Nf6 2. c4 g6 3. Nc3 Bg7 4. e4 d6 5. Nf3 O-O 6. h3 e5 7. d5 a5 8. Bg5 Na6
9. Be2 Qe8 10. g4 Nd7 11. a3 Nac5 12. h4 f5 13. gxf5 gxf5 14. Rg1 Kh8 15. Nd2
Nf6 16. Qc2 Nfxe4 17. Ndxe4 fxe4 18. Nb5 Qf7 19. Be3 Nd3+ 20. Bxd3 exd3 21.
Qxd3 Bf5 22. Qd2 Bg6 23. O-O-O a4 24. Rdf1 Qf5 25. Nc3 Qd3 26. c5 Qc4 27. cxd6
cxd6 28. Bg5 Rfc8 29. Re1 Qa2 30. Kd1 Bh5+ 31. Kc1 Bg6 32. Kd1 Qb3+ 33. Kc1 b5
34. Rg4 e4 35. Re3 b4 36. axb4 Qxb4 37. Kb1 Rab8 38. Rgg3 Bxc3 39. Rxc3 e3+ 40.
Qd3 Qxb2# 0-1

[Event "Ä15Â"]
[Site "Loo"]
[Date "2017.04.23"]
[Round "4.9"]
[White "Øåñòàêîâà, Åêàòåðèíà."]
[Black "Öâåòêîâà, Âëàäèñëàâà."]
[Result "1-0"]
[WhiteElo "1840"]
[BlackElo "1615"]
[PlyCount "50"]
[EventDate "2017.04.20"]

1. e4 c6 2. d4 d5 3. Nc3 dxe4 4. Nxe4 Nf6 5. Nxf6+ gxf6 6. c3 Bf5 7. Nf3 Qc7 8.
Be3 e6 9. Bd3 Bxd3 10. Qxd3 Nd7 11. O-O O-O-O 12. b4 Ne5 13. Qe4 Ng6 14. a4 h5
15. b5 c5 16. a5 f5 17. Qb1 Qb8 18. dxc5 f4 19. Bd4 e5 20. Qf5+ Kc7 21. Nxe5
Rd5 22. b6+ axb6 23. axb6+ Kd8 24. Nxf7+ Ke8 25. Rfe1+ Ne7 {
äàëåå çàïèñü íåðàçáîð~~èâà} 1-0